000 00224nam a22001097a 4500
999 _c5807
_d5807
082 _aHC101
100 _aShahid Jamal
245 _aBusiness Statistics
260 _aKarachi
_bRoyal Book
_c2001
300 _a364
942 _cBK